000 01178nam a2200289 i 4500
001 bg
245 0 0 _aProblemy rozwoju małych miast w wymiarze lokalnym i regionalnym =
_bContemporary problems of small towns development. Local and regional aspects /
_cpod red. Krystiana Heffnera, Tadeusza Marszała.
260 _aWarszawa :
_bKPZK PAN,
_c2005.
300 _a334 s. :
_bwykr. ;
_c21 cm.
490 1 _aBiuletyn / Polska Akademia Nauk. Komitet Przestrzennego Zagospodarowania Kraju,
_x0079-3493 ;
_vz.220
500 _aStreszcz. ang. przy art.
504 _aBibliogr. przy art.
650 9 _aMiasta
_xgospodarka
_zPolska
650 9 _aMiasta
_xsocjologia
_zPolska
650 9 _aGospodarka terenowa
_zPolska
_yod 1989 r.
650 9 _aRegionalizacja gospodarcza
_zPolska
_yod 1989 r.
700 1 _aHEFFNER, Krystian
_d(1951- ).
_eRed.
700 1 _aMARSZAŁ, Tadeusz.
_eRed.
830 0 _aBiuletyn (Polska Akademia Nauk. Komitet Przestrzennego Zagospodarowania Kraju) ;
_vz.220
020 _a838969350X
040 _cBPK
041 0 _apol
_beng
080 _a332.1(438-21)"1989/..."
920 _a83-89693-50-X
942 _cKS
008 s pl f |000 0 pol
999 _c46650
_d46650
856 _uhttp://koha.tu.koszalin.pl/cgi-bin/koha/opac-detail.pl?biblionumber=46650
_yKatalog online BPK